| 000 | 01563cam a22003498i 4500 | ||
|---|---|---|---|
| 999 |
_c29241 _d29212 |
||
| 001 | 20494791 | ||
| 003 | EG-ScBUE | ||
| 005 | 20210726094036.0 | ||
| 008 | 180420s2019 enk f b 001 0 eng d | ||
| 020 | _a9781316612477 (pbk. : alk. paper) | ||
| 040 |
_aIEN/DLC _beng _erda _cIEN _dEG-ScBUE |
||
| 043 | _afb----- | ||
| 082 | 0 | 4 |
_a324.967 _bBLE _222 |
| 100 | 1 |
_aBleck, Jaimie, _d1980- _eauthor. |
|
| 245 | 1 | 0 |
_aElectoral politics in Africa since 1995 : _bcontinuity in change / _cJaimie Bleck, University of Notre Dame, Nicolas van de Walle, Cornell University. |
| 264 | 1 |
_aCambridge, United Kingdom : _bCambridge University Press, _c2019. |
|
| 300 |
_axii, 331 pages ; _c24 cm |
||
| 336 |
_atext _2rdacontent _btxt |
||
| 337 |
_aunmediated _2rdamedia _bn |
||
| 338 |
_avolume _2rdacarrier _bnc |
||
| 504 | _aIncludes bibliographical references and index. | ||
| 505 | 0 | _aThe puzzle of electoral continuity -- The evolution of electoral competition, 1990-2015 -- The impact of elections on democracy -- Political parties and electoral competition -- Candidates and electoral campaigns -- Analyzing issues in presidential campaigns -- The African voter -- Do African elections matter? | |
| 650 | 7 |
_aElections _zAfrica, Sub-Saharan. _2BUEsh |
|
| 651 | 7 |
_aAfrica, Sub-Saharan _xPolitics and government _y1960- _2BUEsh |
|
| 653 |
_bBUSBOL _cJuly2021 |
||
| 655 |
_vReading book _934232 |
||
| 700 | 1 |
_aVan de Walle, Nicolas, _d1957- _eauthor. |
|
| 906 |
_a7 _bcbc _corignew _d1 _eecip _f20 _gy-gencatlg |
||
| 942 |
_2ddc _cBB |
||